[Event "Mittelfrank Regionalliga Nord-Ost 2223"]
[Site "Mittelfranken"]
[Date "2023.03.19"]
[Round "8.4"]
[White "Sarec, Ivica"]
[Black "Koch, Max"]
[Result "1-0"]
[WhiteElo "2037"]
[BlackElo "1962"]
[PlyCount "53"]
[EventDate "2022.10.09"]
[EventType "team-tourn"]
[EventRounds "9"]
[EventCountry "GER"]
[SourceTitle "EXT 2024"]
[Source "ChessBase"]
[SourceDate "2023.10.10"]
[SourceVersion "1"]
[SourceVersionDate "2023.10.10"]
[SourceQuality "1"]
[WhiteTeam "Herzogenaurach II"]
[BlackTeam "Regensburg Bavaria II"]
[WhiteTeamCountry "GER"]
[BlackTeamCountry "GER"]

1. c4 e5 2. g3 Nc6 3. Bg2 Bc5 4. Nc3 a6 5. e3 d6 6. Nge2 Ba7 7. d4 Nf6 8. h3 Qe7 9. Nd5 Nxd5 10. cxd5 Nb8 11. dxe5 dxe5 12. Bd2 c6 13. Nc3 cxd5 14. Nxd5 Qd8 15. Bb4 Nc6 16. Ba3 Be6 17. 0-0 Qd7 18. Kh2 0-0-0 19. Nc3 Qxd1 20. Rfxd1 Rxd1 21. Rxd1 Rd8 22. Rc1 Kb8 23. Kg1 Na5 24. b3 f6 25. Ne4 Bd5 26. Bd6+ Ka8 27. Bc7 1-0

[Event "Mittelfrank Regionalliga Nord-Ost 2223"]
[Site "Mittelfranken"]
[Date "2023.02.05"]
[Round "6.4"]
[White "Koch, Max"]
[Black "Erlbeck, Peter"]
[Result "0-1"]
[WhiteElo "1962"]
[BlackElo "1953"]
[PlyCount "56"]
[EventDate "2022.10.09"]
[EventType "team-tourn"]
[EventRounds "9"]
[EventCountry "GER"]
[SourceTitle "EXT 2024"]
[Source "ChessBase"]
[SourceDate "2023.10.10"]
[SourceVersion "1"]
[SourceVersionDate "2023.10.10"]
[SourceQuality "1"]
[WhiteTeam "Regensburg Bavaria II"]
[BlackTeam "Nuernberg Sued SW"]
[WhiteTeamCountry "GER"]
[BlackTeamCountry "GER"]

1. e4 c5 2. Nf3 Nc6 3. d4 cxd4 4. Nxd4 Nf6 5. Nc3 e6 6. Be2 Bb4 7. 0-0 0-0 8. Bg5 h6 9. Be3 Bxc3 10. bxc3 Nxe4 11. Qe1 d5 12. Rd1 e5 13. Nxc6 bxc6 14. f4 exf4 15. Rxf4 Qe7 16. c4 g5 17. Rxe4 dxe4 18. Qc3 Bf5 19. Rf1 Bg6 20. Rf6 c5 21. h4 Rfe8 22. hxg5 hxg5 23. Rf1 Qe5 24. Qa5 Rec8 25. Rd1 Qg3 26. Qc3 Rd8 27. Rd5 g4 28. Rxc5 Rd3 0-1

[Event "Mittelfrank Regionalliga Nord-Ost 2223"]
[Site "Mittelfranken"]
[Date "2023.01.15"]
[Round "5.7"]
[White "Koch, Max"]
[Black "Homi, Joseph"]
[Result "0-1"]
[WhiteElo "1962"]
[BlackElo "2089"]
[PlyCount "68"]
[EventDate "2022.10.09"]
[EventType "team-tourn"]
[EventRounds "9"]
[EventCountry "GER"]
[SourceTitle "EXT 2024"]
[Source "ChessBase"]
[SourceDate "2023.10.10"]
[SourceVersion "1"]
[SourceVersionDate "2023.10.10"]
[SourceQuality "1"]
[WhiteTeam "Regensburg Bavaria II"]
[BlackTeam "Fuerth SG"]
[WhiteTeamCountry "GER"]
[BlackTeamCountry "GER"]

1. e4 c6 2. d4 d5 3. f3 dxe4 4. fxe4 e5 5. Nf3 Bg4 6. Bc4 Nd7 7. 0-0 Ngf6 8. c3 Bd6 9. Bg5 Qb6 10. Nbd2 Qxb2 11. Bxf7+ Kxf7 12. Nc4 Qxc3 13. Nxd6+ Kg6 14. Bd2 Bxf3 15. Bxc3 Bxd1 16. Raxd1 exd4 17. Bxd4 b6 18. e5 Nd5 19. Rf7 Rhd8 20. Rdf1 Nf8 21. R1f3 Ne6 22. Rg3+ Ng5 23. Rf1 Kh5 24. Nf7 Nxf7 25. Rxf7 Rg8 26. Rgxg7 Rxg7 27. Rxg7 Kh6 28. Rd7 Kg6 29. g4 Kg5 30. h3 h5 31. gxh5 Kxh5 32. Kf2 Kg5 33. Rd6 Kf5 34. Rxc6 Nf4 0-1

[Event "Mittelfrank Regionalliga Nord-Ost 2223"]
[Site "Mittelfranken"]
[Date "2022.11.27"]
[Round "3.5"]
[White "Koch, Max"]
[Black "Ratscheu, Stefan"]
[Result "1-0"]
[WhiteElo "1962"]
[BlackElo "1809"]
[PlyCount "103"]
[EventDate "2022.10.09"]
[EventType "team-tourn"]
[EventRounds "9"]
[EventCountry "GER"]
[SourceTitle "EXT 2024"]
[Source "ChessBase"]
[SourceDate "2023.10.10"]
[SourceVersion "1"]
[SourceVersionDate "2023.10.10"]
[SourceQuality "1"]
[WhiteTeam "Regensburg Bavaria II"]
[BlackTeam "Heng Postbauer"]
[WhiteTeamCountry "GER"]
[BlackTeamCountry "GER"]

1. d4 Nf6 2. Nc3 d5 3. Bf4 c5 4. e3 cxd4 5. exd4 a6 6. h3 Nc6 7. Nf3 e6 8. Bd3 Bd6 9. Qd2 Nb4 10. Bxd6 Nxd3+ 11. Qxd3 Qxd6 12. Ne5 Nd7 13. f4 f6 14. Nxd7 Bxd7 15. 0-0 b5 16. f5 0-0 17. fxe6 Bxe6 18. Ne2 Bf7 19. Qd2 Bg6 20. Nf4 Be4 21. Rae1 Rac8 22. Nd3 Rc4 23. Nc5 Rc8 24. c3 R4xc5 25. dxc5 Qxc5+ 26. Kh1 Qc4 27. a3 a5 28. Rf2 a4 29. Qd4 Qxd4 30. cxd4 Rc4 31. Rd2 Kf7 32. Re3 Ke6 33. Rc3 Kd6 34. Kg1 Ke6 35. Kf2 Kd6 36. Ke3 Ke6 37. Rxc4 bxc4 38. Rf2 Kd6 39. Kd2 Kc6 40. Kc3 Kb5 41. g3 f5 42. g4 g6 43. gxf5 Bxf5 44. h4 h5 45. Kd2 Kc6 46. Ke3 Kd7 47. Kf4 Ke6 48. Kg5 Bd3 49. Rf6+ Ke7 50. Rxg6 Bxg6 51. Kxg6 Ke6 52. Kg5 1-0

[Event "Mittelfrank Regionalliga Nord-Ost 2223"]
[Site "Mittelfranken"]
[Date "2022.10.09"]
[Round "1.5"]
[White "Koch, Max"]
[Black "Voelk, Tobias"]
[Result "1-0"]
[WhiteElo "1962"]
[BlackElo "1760"]
[PlyCount "92"]
[EventDate "2022.10.09"]
[EventType "team-tourn"]
[EventRounds "9"]
[EventCountry "GER"]
[SourceTitle "EXT 2024"]
[Source "ChessBase"]
[SourceDate "2023.10.10"]
[SourceVersion "1"]
[SourceVersionDate "2023.10.10"]
[SourceQuality "1"]
[WhiteTeam "Regensburg Bavaria II"]
[BlackTeam "Nuernberg Jaeklechemie"]
[WhiteTeamCountry "GER"]
[BlackTeamCountry "GER"]

1. d4 Nf6 2. Nc3 d5 3. Bf4 c5 4. e3 cxd4 5. exd4 Bf5 6. f3 e6 7. g4 Bg6 8. h4 h6 9. Bd3 Bxd3 10. Qxd3 Nc6 11. 0-0-0 Rc8 12. Nge2 a6 13. g5 Nh5 14. g6 f6 15. Qe3 Qd7 16. Kb1 b5 17. Bh2 Ne7 18. Ng3 Nxg3 19. Bxg3 Nxg6 20. Rhe1 Kf7 21. Ne2 h5 22. Rg1 Ne7 23. Bf2 g6 24. Qd3 Bh6 25. Rg2 Rcg8 26. Ng3 Rc8 27. Be1 Rc4 28. b3 Rb8 29. Ka1 Rc7 30. Nxh5 Nf5 31. Ng3 Nxh4 32. Rh2 g5 33. Qh7+ Bg7 34. Nh5 Rg8 35. Bxh4 gxh4 36. Rg1 Kf8 37. Rhg2 Rh8 38. Qg6 Rxh5 39. Qxh5 Qc6 40. Qxh4 Rc8 41. Qh7 Qc3+ 42. Kb1 Qxd4 43. Qxg7+ Ke8 44. Qg8+ Kd7 45. Rg7+ Kd6 46. Qxc8 Ke5 1-0

[Event "Rheinland Pfalz op 11th"]
[Site "Weilerbach"]
[Date "2019.06.21"]
[Round "3"]
[White "Koch, Max"]
[Black "Hoppe, Jens"]
[Result "1-0"]
[WhiteElo "1919"]
[BlackElo "1661"]
[PlyCount "105"]
[EventDate "2019.06.20"]
[EventType "swiss"]
[EventRounds "7"]
[EventCountry "GER"]
[SourceTitle "CBM 191 Extra"]
[Source "ChessBase"]
[SourceDate "2019.09.30"]
[SourceVersion "1"]
[SourceVersionDate "2019.09.30"]
[SourceQuality "1"]

1. e4 e5 2. Nf3 d6 3. d4 exd4 4. Nxd4 Nf6 5. Nc3 Be7 6. Bd3 0-0 7. 0-0 Nbd7 8. Nf5 Re8 9. Nxe7+ Qxe7 10. Bg5 h6 11. Bh4 c6 12. f4 Qd8 13. Kh1 Qa5 14. Qf3 Qh5 15. Qg3 Qg6 16. Qxg6 fxg6 17. Bf2 Nf8 18. Rae1 Be6 19. a4 N8d7 20. e5 dxe5 21. fxe5 Ng4 22. Bg3 Bf7 23. e6 Rxe6 24. Rxe6 Bxe6 25. Bxg6 Rf8 26. Re1 Bf5 27. Bxf5 Rxf5 28. Kg1 Ngf6 29. Rf1 Rxf1+ 30. Kxf1 Kf7 31. Ke2 Ke6 32. b4 Nd5 33. Nxd5 Kxd5 34. Kd3 b5 35. axb5 cxb5 36. h4 a6 37. Bf4 Nf6 38. Be3 Ng4 39. Bd4 Nf6 40. g3 Ne8 41. g4 Nf6 42. g5 Nh5 43. gxh6 gxh6 44. Be3 Nf6 45. Bxh6 Ng4 46. Bg7 Nf2+ 47. Ke3 Ne4 48. Kf4 Nd6 49. h5 Ke6 50. h6 Kf7 51. Ke5 Ne8 52. Kd5 Nxg7 53. h7 1-0

[Event "Rheinland Pfalz op 11th"]
[Site "Weilerbach"]
[Date "2019.06.20"]
[Round "2"]
[White "Schulte, Juergen"]
[Black "Koch, Max"]
[Result "1-0"]
[WhiteElo "2064"]
[BlackElo "1919"]
[PlyCount "77"]
[EventDate "2019.06.20"]
[EventType "swiss"]
[EventRounds "7"]
[EventCountry "GER"]
[SourceTitle "CBM 191 Extra"]
[Source "ChessBase"]
[SourceDate "2019.09.30"]
[SourceVersion "1"]
[SourceVersionDate "2019.09.30"]
[SourceQuality "1"]

1. d4 g6 2. e4 Bg7 3. Nf3 c5 4. c3 cxd4 5. cxd4 Nf6 6. Nc3 d5 7. e5 Ne4 8. Qb3 Nxc3 9. bxc3 0-0 10. Be2 Nc6 11. 0-0 Na5 12. Qa3 Nc4 13. Qb3 Na5 14. Qb4 Nc6 15. Qb2 f6 16. exf6 Bxf6 17. Bh6 Bg7 18. Bxg7 Kxg7 19. c4 e6 20. c5 Qf6 21. Rac1 Rb8 22. Qd2 Bd7 23. Bb5 Rbd8 24. Rfe1 a6 25. Ba4 Nb8 26. Bxd7 Nxd7 27. Re3 Rf7 28. Rce1 Re8 29. Rb3 Nf8 30. Ne5 Rc7 31. Rf3 Qd8 32. Qf4 h5 33. Qg3 g5 34. h4 g4 35. Rf4 Ng6 36. Nxg6 Kxg6 37. Re5 Kh6 38. Qe3 Kg7 39. Rxh5 1-0

[Event "Zweibruecken PSB-ch HT2 82nd"]
[Site "Zweibruecken"]
[Date "2013.03.23"]
[Round "2"]
[White "Kovac, Laura"]
[Black "Koch, Max"]
[Result "0-1"]
[WhiteElo "1183"]
[BlackElo "1563"]
[PlyCount "77"]
[EventDate "2013.??.??"]
[EventType "swiss"]
[EventRounds "7"]
[EventCountry "GER"]
[SourceTitle "EXT 2014"]
[Source "ChessBase"]
[SourceDate "2013.11.20"]
[SourceVersion "1"]
[SourceVersionDate "2013.11.20"]
[SourceQuality "1"]

1. e4 c5 2. Nc3 Nc6 3. Bc4 a6 4. a3 g6 5. d3 Bg7 6. f4 d6 7. Nf3 Nd4 8. Ng5 Nh6 9. 0-0 f6 10. h3 fxg5 11. fxg5 Ng8 12. Bf7+ Kd7 13. Qg4+ Kc7 14. Nd5+ Kb8 15. Qd1 e5 16. c3 Nc6 17. b4 Nge7 18. bxc5 dxc5 19. Rb1 Rf8 20. Nb6 Ra7 21. Be3 Qc7 22. Bxc5 Nd8 23. Bxe7 Qxe7 24. Bd5 Qxa3 25. Rxf8 Qxf8 26. g3 Qc5+ 27. Kh2 Qf2+ 28. Kh1 Bxh3 29. Qg1 Qxg1+ 30. Kxg1 Be6 31. c4 Bxd5 32. cxd5 Kc7 33. Nc4 b5 34. Na5 Kb6 35. Nb3 Nf7 36. Rc1 Rc7 37. Rxc7 Kxc7 38. Nc5 Kb6 39. Ne6 0-1

[Event "Zweibruecken PSB-ch HT2 82nd"]
[Site "Zweibruecken"]
[Date "2013.03.22"]
[Round "1"]
[White "Koch, Max"]
[Black "Kopf, Rainer"]
[Result "0-1"]
[WhiteElo "1563"]
[BlackElo "1878"]
[PlyCount "102"]
[EventDate "2013.??.??"]
[EventType "swiss"]
[EventRounds "7"]
[EventCountry "GER"]
[SourceTitle "EXT 2014"]
[Source "ChessBase"]
[SourceDate "2013.11.20"]
[SourceVersion "1"]
[SourceVersionDate "2013.11.20"]
[SourceQuality "1"]

1. e4 c6 2. Nf3 d5 3. exd5 cxd5 4. Ne5 a6 5. d4 Nf6 6. Bd3 g6 7. Nd2 Bg7 8. Ndf3 0-0 9. Bf4 Qb6 10. b3 Nc6 11. Nxc6 bxc6 12. 0-0 Bg4 13. Be5 Ne4 14. h3 Bxf3 15. gxf3 Ng5 16. Kg2 f6 17. Bg3 Qxd4 18. h4 Ne6 19. h5 Nf4+ 20. Bxf4 Qxf4 21. hxg6 hxg6 22. Rg1 f5 23. Rb1 e5 24. Qc1 Qxc1 25. Rbxc1 Bh6 26. Rcd1 Kg7 27. c3 Bf4 28. Kf1 a5 29. Bc2 Kf6 30. Ke2 Rh8 31. Rh1 g5 32. Rdg1 e4 33. fxe4 fxe4 34. Rxh8 Rxh8 35. b4 axb4 36. cxb4 Ke5 37. a4 d4 38. a5 Rd8 39. Ba4 d3+ 40. Kf1 Bd2 41. Bxc6 Bxb4 42. Rxg5+ Kf4 43. Rd5 Rxd5 44. Bxd5 Bxa5 45. Kg2 Ke5 46. Bb3 Kd4 47. Kf1 Bd8 48. Ba4 Bh4 49. Bd1 Kc3 50. Ba4 Bxf2 51. Kxf2 Kd2 0-1